000
00263 a2200133 4500
020
_a
0070590222
090
_c
2097
_d
2097
100
_a
Michael J
245
_a
Marketing
250
_a
13
260
_a
New Delhi
300
_a
650
942
_a
NBS
_c
BK
_k
658.8 ETZ
999
_c
344600
_d
344600